[Event "FH 3"]
[Site "SchemingMind.com"]
[Date "2022.05.01"]
[Round "-"]
[White "The Stonewall"]
[Black "maro"]
[Result "1-0"]
[WhiteCountry "ENG"]
[BlackCountry "MEX"]
[WhiteElo "2297"]
[WhiteRD "75"]
[BlackElo "1425"]
[BlackRD "62"]
[GameID "723129"]

1. e4 e5 2. Nf3 h6 3. Nxe5 Nf6 4. Bc4 d5 5. exd5 Qe7 6. d4 a6 7. O-O Qd6 8. Re1 Be7 9. Bf4 O-O 10. Ng6 Qd7
11. Rxe7 Qf5 12. Nxf8 Kxf8 13. d6 Qxf4 14. Rxf7+ Ke8 15. Qe1+ Kd8 16. Qe7#
1-0

[Event "FH 3"]
[Site "SchemingMind.com"]
[Date "2022.05.01"]
[Round "-"]
[White "Black Knight"]
[Black "The Stonewall"]
[Result "0-1"]
[WhiteCountry "USA"]
[BlackCountry "ENG"]
[WhiteElo "1235"]
[WhiteRD "63"]
[BlackElo "2297"]
[BlackRD "75"]
[GameID "723130"]

1. e4 c5 2. Nf3 a6 3. Nc3 b5 4. a3 Bb7 5. b4 e6 6. bxc5 Bxc5 7. d4 Bb6 8. Bd3 Qc7 9. Bb2 Ba5 10. O-O Bxc3
11. Rb1 Bxb2 12. Rxb2 Nf6 13. e5 Nd5 14. Ng5 Nf4 15. f3 Qc3 16. Rb3 Qxd4+ 17. Kh1 Qxe5 18. Ne4 O-O 19. Re1 Bd5 20. Nc3 Qg5
21. Rg1 Bxb3 22. cxb3 Qc5 23. Be4 d5 24. Qd2 dxe4 25. Nxe4 Qe5 26. g3 Nd7 27. gxf4 Qd5 28. b4 Qxd2 29. Nxd2 Rac8 30. Ne4 Rc6
31. Rd1 Nb6 32. Nc5 Nd5 33. f5 Ne3 34. Re1 Nxf5 35. Nd7 Rd8 36. Ne5 Rc2 37. f4 Nh4 38. Kg1 Rdd2 39. Nf3 Nxf3+
0-1

[Event "FH 3"]
[Site "SchemingMind.com"]
[Date "2022.05.01"]
[Round "-"]
[White "Chessibelle"]
[Black "The Stonewall"]
[Result "0-1"]
[WhiteCountry "ENG"]
[BlackCountry "ENG"]
[WhiteElo "1042"]
[WhiteRD "69"]
[BlackElo "2293"]
[BlackRD "78"]
[GameID "723131"]

1. Nf3 d5 2. d4 c5 3. e3 cxd4 4. Nxd4 e5 5. Nf3 Nc6 6. g3 Nf6 7. Nbd2 Be7 8. c3 O-O 9. Be2 Qc7 10. b3 Bh3
11. Ng5 Bf5 12. Bb2 e4 13. Qc2 h6 14. g4 Bxg4 15. f3 Bc8 16. O-O-O hxg5 17. c4 Nb4 18. Qb1 b5 19. Bc3 bxc4 20. bxc4 Rb8
21. h3 Nd3+ 22. Bxd3 Ba3+ 23. Kc2 exd3+ 24. Kxd3 Rxb1 25. Nxb1 Qxc4+ 26. Kd2 Qxa2+ 27. Kd3 Ba6+ 28. Kd4 Qc4+ 29. Ke5 d4 30. exd4 Qe6#
0-1

[Event "FH 3"]
[Site "SchemingMind.com"]
[Date "2022.05.01"]
[Round "-"]
[White "The Stonewall"]
[Black "JAHI"]
[Result "0-1"]
[WhiteCountry "ENG"]
[BlackCountry "INT"]
[WhiteElo "2317"]
[WhiteRD "68"]
[BlackElo "2167"]
[BlackRD "66"]
[GameID "723132"]

1. c4 a6 2. g3 h6 3. Bg2 h5 4. Nc3 h4 5. d4 d6 6. Bg5 h3 7. Bf3 g6 8. e4 Bg7 9. Nge2 Kf8 10. Qd2 Nc6
11. O-O-O Nf6 12. Kb1 Bd7 13. Rhf1 Rh7 14. Nd5 Kg8 15. Nec3 Nxd5= 16. Nxd5 Bxd4 17. Bxe7 Nxe7 18. Qxd4 Nxd5 19. cxd5 Qe7 20. Rfe1 Re8
21. Rc1 c6 22. dxc6 Bxc6 23. Rcd1 Rh8 24. Bh1 g5 25. Qxd6 Qxd6 26. Rxd6 Kg7 27. g4 Re6 28. Rd4 Rf6 29. Re2 Rf4 30. f3 Kf6
31. Kc1 Ke5 32. Rc4 Rg8 33. Kd1 Rf6 34. Rc5+ Kd6 35. Rc4 Ke7 36. Rd2 Rc8 37. Ke1 Bd7 38. Rxc8 Bxc8 39. Rc2 Bd7 40. Rc5 Rg6
41. b3 b6 42. Rc3 Rd6 43. Rc2 Kf6 44. Re2 Ke5 45. Rc2 f6 46. Re2 Bb5 47. Rc2 Kf4 48. a4 Rc6 49. Rxc6 Bxc6 50. Kf2 Bd7
51. Ke2 Be6 52. b4 a5
0-1

[Event "FH 3"]
[Site "SchemingMind.com"]
[Date "2022.05.01"]
[Round "-"]
[White "The Stonewall"]
[Black "Allan Sedstrem"]
[Result "1-0"]
[WhiteCountry "ENG"]
[BlackCountry "SCO"]
[WhiteElo "2297"]
[WhiteRD "75"]
[BlackElo "1453"]
[BlackRD "64"]
[GameID "723133"]

1. e4 e5 2. Nf3 Nc6 3. d4 Nf6 4. dxe5 Nxe4 5. Bc4 h6 6. Bxf7+ Kxf7 7. Qd5+ Ke8 8. Qxe4 Qe7 9. Nc3 b6 10. Nd5 d6
11. Nxe7 Bxe7 12. Qxc6+ Kd8 13. Qxa8 dxe5 14. Nxe5
1-0

[Event "FH 3"]
[Site "SchemingMind.com"]
[Date "2022.05.05"]
[Round "-"]
[White "Nattybridge"]
[Black "The Stonewall"]
[Result "0-1"]
[WhiteCountry "ENG"]
[BlackCountry "ENG"]
[WhiteElo "2081"]
[WhiteRD "83"]
[BlackElo "2297"]
[BlackRD "77"]
[GameID "723134"]

1. c4 Nc6 2. g3 e5 3. Bg2 f5 4. Nc3 Nf6 5. e3 d5 6. cxd5 Nb4 7. d3 Nbxd5 8. Nge2 Be6 9. O-O Qd7 10. e4 Nxc3
11. bxc3 fxe4 12. d4 O-O-O 13. Qc2 exd4 14. cxd4 Bh3 15. Be3 Bxg2 16. Kxg2 Bd6 17. Nc3 Qg4
0-1

[Event "FH 3"]
[Site "SchemingMind.com"]
[Date "2022.04.30"]
[Round "-"]
[White "The Stonewall"]
[Black "Drag0nBall"]
[Result "0-1"]
[WhiteCountry "ENG"]
[BlackCountry "NCA"]
[WhiteElo "2305"]
[WhiteRD "68"]
[BlackElo "2387"]
[BlackRD "111"]
[GameID "723135"]

1. e4 e5 2. Nf3 Nc6 3. d4 exd4 4. Bc4 Bb4+ 5. c3 dxc3 6. bxc3 Ba5 7. O-O Bb6 8. e5 Nge7 9. Ba3 O-O 10. Re1 h6
11. Qd3 Na5 12. Nbd2 Nxc4 13. Nxc4 Re8 14. Rad1 Ng6 15. Re4 d6 16. exd6 Rxe4 17. Qxe4 Be6 18. Ne3 Bxe3 19. fxe3 c6 20. Rd2 Bd5
21. Qg4 Qb6 22. Qd4 Rd8 23. Bb4 Bxf3 24. gxf3 Qb5 25. f4 Qh5 26. Qxa7 Qg4+ 27. Kf1 Qf3+ 28. Kg1 Nh4 29. Bc5 Qh3 30. Rb2 Qg4+
31. Kf1 Qf3+ 32. Ke1 Qh1+ 33. Kd2 Nf3+ 34. Kc2 Ne1+ 35. Kb3 Nd3 36. c4 Qc1 37. Rc2 Qb1+ 38. Kc3 Ne1
0-1

[Event "FH 3"]
[Site "SchemingMind.com"]
[Date "2022.05.01"]
[Round "-"]
[White "Gomezeta"]
[Black "The Stonewall"]
[Result "0-1"]
[WhiteCountry "ITA"]
[BlackCountry "ENG"]
[WhiteElo "1608"]
[WhiteRD "148"]
[BlackElo "2328"]
[BlackRD "75"]
[GameID "723136"]

1. d4 e6 2. c4 f5 3. Nc3 Nf6 4. Nf3 Bb4 5. Bg5 O-O 6. Qc2 Qe8 7. e3 Ne4 8. Bf4 d6 9. Bd3 Nxc3 10. bxc3 Ba5
11. O-O Nc6 12. d5 Nd8 13. Bg3 e5 14. Nd2 Bb6 15. h3 Bd7 16. Rae1 Qh5 17. f4 e4 18. Be2 Bxe3+ 19. Kh2 Qh6 20. Nb3 g5
21. fxg5 Qxg5 22. Bd1 Nf7 23. Qe2 f4 24. Bf2 f3 25. gxf3 Bf4+ 26. Kh1 Qh6 27. Rg1+ Kh8 28. h4 e3 29. Bg3 Ng5 30. Qh2 Nh3
31. Bxf4 Rxf4 32. Qg3 Nxg1
0-1

[Event "FH 3"]
[Site "SchemingMind.com"]
[Date "2022.05.04"]
[Round "-"]
[White "Kenny Elliott"]
[Black "maro"]
[Result "1-0"]
[WhiteCountry "USA"]
[BlackCountry "MEX"]
[WhiteElo "1538"]
[WhiteRD "73"]
[BlackElo "1425"]
[BlackRD "62"]
[GameID "723137"]

1. d4 d5 2. Nc3 Nc6 3. Bf4 Nf6 4. Nb5 e5 5. Bg5 h6 6. Bxf6 Qxf6 7. Nxc7+ Kd8 8. Nxa8 exd4 9. Nf3 Bb4+ 10. Nd2 Ne5
11. g3 Ng4 12. f4 d3 13. cxd3 Ne3 14. Qb3 Ba5 15. Qb5 b6 16. Qb3 Nxf1 17. Rxf1 Bh3 18. Qxd5+ Ke7 19. Qe4+ Kd8 20. b4 Qxa1+
21. Kf2 Bxf1 22. Nxf1 Re8 23. Qd5+ Kc8 24. Qc6+ Kd8 25. Qc7#
1-0

[Event "FH 3"]
[Site "SchemingMind.com"]
[Date "2022.05.02"]
[Round "-"]
[White "Black Knight"]
[Black "Kenny Elliott"]
[Result "0-1"]
[WhiteCountry "USA"]
[BlackCountry "USA"]
[WhiteElo "1235"]
[WhiteRD "63"]
[BlackElo "1538"]
[BlackRD "73"]
[GameID "723138"]

1. e4 c5 2. Nf3 d6 3. Bb5+ Bd7 4. Bxd7+ Nxd7 5. Nc3 Ngf6 6. d3 g6 7. O-O Bg7 8. Bd2 Ne5 9. Re1 O-O 10. Nxe5 dxe5
11. a4 a6 12. Rb1 Qd7 13. Ne2 Qxa4 14. b3 Qd7 15. Nc3 b5 16. Ne2 Rfb8 17. Ng3 a5 18. Qe2 a4 19. b4 c4 20. dxc4 bxc4
21. Qxc4 a3 22. Ra1 Qxd2 23. Nf1 Qxb4 24. Qe2 Qc3 25. Nd2 a2 26. Nb3 Rc8 27. Rec1 Bh6 28. Rd1 Qxc2 29. Qxc2 Rxc2 30. Rdc1 Bxc1
31. Nxc1 Rxc1+
0-1

[Event "FH 3"]
[Site "SchemingMind.com"]
[Date "2022.05.02"]
[Round "-"]
[White "maro"]
[Black "Black Knight"]
[Result "0-1"]
[WhiteCountry "MEX"]
[BlackCountry "USA"]
[WhiteElo "1425"]
[WhiteRD "62"]
[BlackElo "1235"]
[BlackRD "63"]
[GameID "723139"]

1. d4 d5 2. c4 Nf6 3. Nf3 c6 4. c5 Bf5 5. Bg5 h6 6. Bh4 Qc7 7. Bg3 Qa5+ 8. Nc3 Ne4 9. Nd2 Nxd2 10. Qxd2 Nd7
11. e3 g5 12. Bd3 Bxd3 13. Qxd3 Qd8 14. e4 Bg7 15. e5 e6 16. f4 f5 17. fxg5 Qxg5 18. h4 Qg4 19. Ne2 f4 20. Nxf4 Bxe5
21. dxe5 Nxe5 22. Qc3 d4 23. Qxd4 Qxg3+ 24. Kd1 Rd8 25. Qxd8+ Kxd8 26. Nxe6+ Kc8 27. Kc2 Qg6+
0-1

[Event "FH 3"]
[Site "SchemingMind.com"]
[Date "2022.05.02"]
[Round "-"]
[White "Arthur Wilding"]
[Black "Kenny Elliott"]
[Result "0-1"]
[WhiteCountry "WLS"]
[BlackCountry "USA"]
[WhiteElo "1174"]
[WhiteRD "68"]
[BlackElo "1538"]
[BlackRD "73"]
[GameID "723140"]

1. d4 d5 2. e3 Nf6 3. Nf3 Bg4 4. Nc3 e6 5. h3 Bh5 6. Bb5+ c6 7. Be2 Bb4 8. Bd2 Bxc3 9. bxc3 Ne4 10. O-O O-O
11. a4 a5 12. Ne5 Bxe2 13. Qxe2 Nd7 14. Nxd7 Qxd7 15. Kh1 b6 16. Rfb1 Rfb8 17. Rb2 c5 18. dxc5 Nxc5 19. Rb4 axb4 20. cxb4 Nxa4
21. Qf3 Nb2 22. Rxa8 Rxa8 23. Qg3 Qa4 24. Qc7 Nc4 25. Bc3 Qxc2 26. Qb7 Rf8 27. Bd4 Qxf2 28. b5 Nxe3
0-1

[Event "FH 3"]
[Site "SchemingMind.com"]
[Date "2022.05.05"]
[Round "-"]
[White "mochiron"]
[Black "Arthur Wilding"]
[Result "1-0"]
[WhiteCountry "JPN"]
[BlackCountry "WLS"]
[WhiteElo "1418"]
[WhiteRD "98"]
[BlackElo "1173"]
[BlackRD "75"]
[GameID "723141"]

1. d4 d5 2. Bf4 e6 3. Nf3 Bb4+ 4. c3 Ba5 5. Qa4+ Nc6 6. Na3 Bd7 7. Nc2 Nge7 8. b4 Bb6 9. b5 Na5 10. e3 O-O
11. Nb4 Qe8 12. Qc2 Ng6 13. Bd3 a6 14. Bxg6 fxg6 15. O-O Nc4 16. Nd2 Bxb5 17. Nxc4 Bxc4 18. a4 Qd7 19. Be5 c5 20. Na2 Rf7
21. Rfe1 a5 22. Nc1 Bc7 23. Bxc7 Qxc7 24. h3 b6 25. dxc5 bxc5 26. Ne2 Bxe2 27. Qxe2 h5 28. e4 d4 29. cxd4 cxd4 30. e5 Rd8
31. Qd3 Kh7 32. Re4 Qc3 33. Qd1 Rfd7 34. Rh4 d3 35. Rc1 Rd5 36. Rxc3 Rxe5 37. Rxd3 Rxd3 38. Qxd3
1-0

[Event "FH 3"]
[Site "SchemingMind.com"]
[Date "2022.05.01"]
[Round "-"]
[White "Arthur Wilding"]
[Black "Derek Price"]
[Result "0-1"]
[WhiteCountry "WLS"]
[BlackCountry "ENG"]
[WhiteElo "1174"]
[WhiteRD "68"]
[BlackElo "2334"]
[BlackRD "74"]
[GameID "723142"]

1. d4 d5 2. e3 Nf6 3. Nc3 e6 4. Nf3 c5 5. Bb5+ Bd7 6. a4 a6 7. Bxd7+ Nbxd7 8. dxc5 Bxc5 9. b3 Rc8 10. Bb2 Bb4
11. Qd3 Qa5 12. O-O Bxc3 13. Ra2 Bxb2 14. Rxb2 Qc3 15. Rc1 Qxd3
0-1

[Event "FH 3"]
[Site "SchemingMind.com"]
[Date "2022.05.02"]
[Round "-"]
[White "maro"]
[Black "Arthur Wilding"]
[Result "0-1"]
[WhiteCountry "MEX"]
[BlackCountry "WLS"]
[WhiteElo "1425"]
[WhiteRD "62"]
[BlackElo "1174"]
[BlackRD "68"]
[GameID "723144"]

1. e4 e5 2. d4 Nc6 3. d5 Nce7 4. Bg5 d6 5. h3 h6 6. Bh4 Nf6 7. Bxf6 gxf6 8. Nc3 c6 9. Nf3 cxd5 10. exd5 Bg7
11. Bd3 O-O 12. Be4 f5 13. Bd3 e4 14. Bc4 Bxc3+ 15. bxc3 exf3 16. Qxf3 Ng6 17. Qg3 Re8+ 18. Kd2 a6 19. Be2 Qe7 20. Bh5 Qf6
21. Rab1 Qg5+ 22. Kd1 Qxg3 23. fxg3 Re5 24. c4 Bd7 25. c3 b5 26. cxb5 Rxd5+ 27. Kc2 Rxb5
0-1

[Event "FH 3"]
[Site "SchemingMind.com"]
[Date "2022.04.30"]
[Round "-"]
[White "Arthur Wilding"]
[Black "Black Knight"]
[Result "1-0"]
[WhiteCountry "WLS"]
[BlackCountry "USA"]
[WhiteElo "1174"]
[WhiteRD "68"]
[BlackElo "1235"]
[BlackRD "63"]
[GameID "723145"]

1. d4 b6 2. e3 Bb7 3. Nc3 Nf6 4. Be2 d6 5. Nf3 Nbd7 6. O-O e5 7. b3 Be7 8. a4 O-O 9. dxe5 Nxe5 10. Nxe5 dxe5
11. Qxd8 Raxd8 12. Bb2 Rd2 13. Bd3 Bb4 14. Nb5 c6 15. Nc3 Nd5 16. Na2 e4 17. Bxe4 Re8 18. Bxd5 Rxd5 19. Nxb4 Rd2 20. Bc3 Rdd8
21. Nd3 f6 22. a5 c5 23. axb6 axb6 24. b4 c4 25. Nf4 b5 26. Rfd1 f5 27. Rxd8 Rxd8 28. g3 g5 29. Ne2 h5 30. Ra7 Rd7
31. Nd4 Kf7 32. Kf1 Ke8 33. Kg1 Bd5 34. Rxd7 Kxd7 35. Nxf5 Ke6 36. Nd4+ Kd6 37. Nxb5+ Kc6 38. Nd4+ Kb6 39. f4 g4 40. f5 Bf7
41. Ne2 Kb5 42. Nf4 Kb6 43. Kg2 Kb5 44. f6 Ka4 45. h3 Kb5 46. hxg4 hxg4 47. Ne2 Ka4 48. Kf2 Kb5 49. Nd4+ Kb6 50. e4 Kc7
51. Nf5 Be6 52. Ke3 Kc6 53. Kf4 Kd7 54. Kxg4 Ke8 55. Kf4 Kf7 56. Ne3 Kf8 57. Ke5 Kf7 58. Nd5 Bxd5 59. Kxd5
1-0

[Event "FH 3"]
[Site "SchemingMind.com"]
[Date "2022.04.30"]
[Round "-"]
[White "Arthur Wilding"]
[Black "Chessibelle"]
[Result "0-1"]
[WhiteCountry "WLS"]
[BlackCountry "ENG"]
[WhiteElo "1174"]
[WhiteRD "68"]
[BlackElo "1063"]
[BlackRD "65"]
[GameID "723146"]

1. d4 d5 2. e3 Nf6 3. Nc3 g6 4. Bb5+ c6 5. Be2 Bg7 6. Nf3 O-O 7. O-O a6 8. a3 b5 9. b4 Bf5 10. Bb2 Nbd7
11. Bd3 Qc7 12. Bxf5 gxf5 13. Kh1 Ng4 14. g3 f6 15. Bc1 h5 16. Bb2 e5 17. dxe5 fxe5 18. h3 Ngf6 19. Ne2 Kh8 20. Nc1 Bh6
21. a4 Rg8 22. axb5 cxb5 23. Re1 Ne4 24. c3 Nxf2+ 25. Kg2 Nxd1 26. Rxd1 Bxe3 27. Re1 Bb6 28. h4 e4 29. Ng5 Ba7 30. Ne6 Qe5
31. Nf4 Qf6 32. Ra2 Qxh4 33. Re3 Bxe3 34. Nce2 Bxf4 35. Kf1 Qh1+ 36. Ng1 Rxg3 37. c4+ Kh7 38. Bd4 Rd3 39. Rf2 Bc1 40. cxb5 Rg8
0-1

[Event "FH 3"]
[Site "SchemingMind.com"]
[Date "2022.04.30"]
[Round "-"]
[White "JAHI"]
[Black "Arthur Wilding"]
[Result "1-0"]
[WhiteCountry "INT"]
[BlackCountry "WLS"]
[WhiteElo "2156"]
[WhiteRD "66"]
[BlackElo "1174"]
[BlackRD "68"]
[GameID "723147"]

1. f3 Nc6 2. f4 Nf6 3. Nf3 d6 4. e3 Bg4 5. h3 Bd7 6. Bb5 a6 7. Bxc6 Bxc6 8. Kf1 Bxf3 9. Qxf3 e5 10. Qxb7 exf4
11. exf4 Be7 12. d3 Nd7 13. Nc3 Nb6 14. Qc6+ Qd7 15. Qxd7+ Nxd7 16. Nd5 f6 17. Nxc7+ Kf7 18. Nxa8
1-0

[Event "FH 3"]
[Site "SchemingMind.com"]
[Date "2022.05.02"]
[Round "-"]
[White "Arthur Wilding"]
[Black "Nattybridge"]
[Result "0-1"]
[WhiteCountry "WLS"]
[BlackCountry "ENG"]
[WhiteElo "1174"]
[WhiteRD "68"]
[BlackElo "2050"]
[BlackRD "81"]
[GameID "723149"]

1. d4 d5 2. e3 Nf6 3. Nc3 Bf5 4. Nf3 e6 5. Bb5+ c6 6. Be2 Be7 7. O-O O-O 8. Ne5 Nbd7 9. Nxd7 Qxd7 10. a3 c5
11. Bb5 Qc7 12. Bd3 Bxd3 13. cxd3 a6 14. Bd2 cxd4 15. exd4 Qb6 16. Na4 Qxd4 17. Bc3 Qa7 18. Bxf6 Bxf6 19. Ra2 Rfc8 20. Qe2 b5
21. Nc3 Bxc3 22. bxc3 Rxc3 23. Qd2 Qd4 24. Rd1 Rac8
0-1

[Event "FH 3"]
[Site "SchemingMind.com"]
[Date "2022.04.30"]
[Round "-"]
[White "Drag0nBall"]
[Black "Arthur Wilding"]
[Result "1-0"]
[WhiteCountry "NCA"]
[BlackCountry "WLS"]
[WhiteElo "2159"]
[WhiteRD "157"]
[BlackElo "1174"]
[BlackRD "68"]
[GameID "723150"]

1. c4 Nf6 2. Nc3 Nc6 3. d4 d5 4. cxd5 Nb8 5. e4 Bg4 6. Qb3 b6 7. e5 Ng8 8. h3 Bd7 9. e6 Nf6 10. exd7+ Nfxd7
11. Nf3 g6 12. d6 Bg7 13. dxc7 Qxc7 14. Qd5 Nc6 15. Bb5 Ndb8 16. Bf4 Qb7 17. Bxb8 O-O 18. Bxc6 e6 19. Bxb7 exd5 20. Bxa8 Re8+
21. Kd1 Rxb8 22. Bxd5
1-0

[Event "FH 3"]
[Site "SchemingMind.com"]
[Date "2022.05.01"]
[Round "-"]
[White "Arthur Wilding"]
[Black "Gomezeta"]
[Result "0-1"]
[WhiteCountry "WLS"]
[BlackCountry "ITA"]
[WhiteElo "1185"]
[WhiteRD "74"]
[BlackElo "1608"]
[BlackRD "148"]
[GameID "723151"]

1. d4 d5 2. Nf3 Nf6 3. e3 e6 4. Nc3 Nbd7 5. Bb5 a6 6. Be2 Bd6 7. O-O O-O 8. Re1 c5 9. dxc5 Bxc5 10. b3 Qc7
11. Bb2 b5 12. Bd3 Bb7 13. a4 Bb4 14. axb5 Bxc3 15. Nd2 Bxb2 16. Ra2 Bc3 17. bxa6 Nc5 18. Re2 Bxd2 19. Qxd2 Nce4 20. Bxe4 Nxe4
21. Qd3 Nc3 22. Rd2 Nxa2 23. axb7 Qxb7
0-1

[Event "FH 3"]
[Site "SchemingMind.com"]
[Date "2022.05.02"]
[Round "-"]
[White "Kenny Elliott"]
[Black "kenneth m day"]
[Result "1-0"]
[WhiteCountry "USA"]
[BlackCountry "USA"]
[WhiteElo "1523"]
[WhiteRD "70"]
[BlackElo "1628"]
[BlackRD "59"]
[GameID "723152"]

1. d4 Nf6 2. c4 Ng4 3. e4 e5 4. Qxg4 d5 5. Qf3 dxe4 6. Qxe4 Qxd4 7. Qxd4 exd4 8. Nf3 Nc6 9. Bd3 Be7 10. Bf4 Bd6
11. Bxd6 cxd6 12. O-O O-O 13. Nbd2 Be6 14. Ne4 f5 15. Nxd6 b6 16. Nb5 Rac8 17. Nbxd4 Nxd4 18. Nxd4 Bxc4 19. Nxf5 Rc5 20. Bxc4+ Rxc4
21. Ne3 Rc7 22. Rac1 Re7 23. Rc2 g6 24. Rfc1 Ref7 25. f3 Re8 26. Nc4 Rf6 27. Nd2 Rfe6 28. Ne4 Kf8 29. Rc7 R6e7 30. Rxe7 Rxe7
31. Kf2 Kf7 32. Ke3 Kg7 33. Rc6 Rf7 34. b4 Re7 35. a4 Kf7 36. h4 Kg7 37. g4 Kf7 38. Kd3 Kg7 39. Kc4 Kf7 40. Kb5 Kg7
41. a5 bxa5 42. Kxa5 Rd7 43. Nc5 Rf7 44. Ka6 Re7 45. Nb7 Rf7 46. Kxa7 Rxf3 47. b5 Rf7 48. b6 Rd7 49. Rc7
1-0

[Event "FH 3"]
[Site "SchemingMind.com"]
[Date "2022.05.05"]
[Round "-"]
[White "kenneth m day"]
[Black "mochiron"]
[Result "1-0"]
[WhiteCountry "USA"]
[BlackCountry "JPN"]
[WhiteElo "1566"]
[WhiteRD "65"]
[BlackElo "1385"]
[BlackRD "79"]
[GameID "723153"]

1. e4 c6 2. c4 d5 3. cxd5 cxd5 4. exd5 Qxd5 5. Nc3 Qe6+ 6. Be2 Nc6 7. Nf3 h6 8. O-O Nf6 9. d4 g5 10. Re1 a6
11. b3 Bg7 12. Bc4 Qd6 13. d5 Nd8 14. Bb2 b5 15. Bf1 Bg4 16. Qd3 Bxf3 17. Qxf3 Rc8 18. Rad1 Rxc3 19. Bxc3 g4 20. Qe3 Nh5
21. Bxg7 Nxg7 22. Be2 Nf5 23. Qa7 h5 24. Bd3 O-O 25. Bxf5 Qf6 26. Bc2 Re8 27. d6 e6 28. Qxa6 e5 29. Qxb5 Rf8 30. Qxe5 Qh6
31. Qe3 Qf6 32. Qe5 Qh6 33. Qe3
1-0

[Event "FH 3"]
[Site "SchemingMind.com"]
[Date "2022.05.01"]
[Round "-"]
[White "Derek Price"]
[Black "kenneth m day"]
[Result "1-0"]
[WhiteCountry "ENG"]
[BlackCountry "USA"]
[WhiteElo "2376"]
[WhiteRD "74"]
[BlackElo "1628"]
[BlackRD "59"]
[GameID "723154"]

1. c4 g6 2. Nf3 d6 3. d4 Bg7 4. Nc3 Nf6 5. e4 Bg4 6. Be2 O-O 7. Be3 Nc6 8. d5 Ne5 9. Nxe5 Bxe2 10. Qxe2 e6
11. Nf3 Re8 12. Bg5 exd5 13. cxd5 Qd7 14. O-O Nh5 15. Qe3 c6 16. Rad1 Rac8 17. Rfe1 cxd5 18. Rxd5 Nf6 19. Bxf6 Bxf6 20. Nb5 Re6
21. Qd3 Be7 22. Nxa7 Rc7 23. Nb5 Rc6 24. Nbd4
1-0

[Event "FH 3"]
[Site "SchemingMind.com"]
[Date "2022.05.01"]
[Round "-"]
[White "kenneth m day"]
[Black "The Stonewall"]
[Result "0-1"]
[WhiteCountry "USA"]
[BlackCountry "ENG"]
[WhiteElo "1642"]
[WhiteRD "58"]
[BlackElo "2297"]
[BlackRD "77"]
[GameID "723155"]

1. e4 Nf6 2. e5 Nd5 3. d4 d6 4. Nf3 g6 5. c4 Nb6 6. Nc3 Bg7 7. Bf4 O-O 8. Be2 Bg4 9. Qd3 Nc6 10. O-O dxe5
11. Nxe5 Bxe2 12. Qxe2 Nxd4 13. Qd2 Bxe5 14. Bxe5 Nf3+
0-1

[Event "FH 3"]
[Site "SchemingMind.com"]
[Date "2022.05.01"]
[Round "-"]
[White "kenneth m day"]
[Black "maro"]
[Result "1-0"]
[WhiteCountry "USA"]
[BlackCountry "MEX"]
[WhiteElo "1607"]
[WhiteRD "57"]
[BlackElo "1426"]
[BlackRD "66"]
[GameID "723156"]

1. e4 e5 2. Nf3 Nc6 3. c3 Nf6 4. d4 exd4 5. e5 Nd5 6. cxd4 Bb4+ 7. Bd2 Qe7 8. Be2 d6 9. O-O dxe5 10. dxe5 Nxe5
11. Re1 O-O 12. Bxb4 Nxb4 13. Nxe5 Qxe5 14. Nc3 Bf5 15. Rc1 a6 16. a3 Rad8 17. Qb3 Nd5 18. Bf3 Qd6 19. Bxd5 c6 20. Bf3 Be6
21. Qxb7 Rb8 22. Qxc6 Qf4 23. b4 g6 24. Ne4 h5 25. Qd6 Qh6 26. Nf6+ Kg7 27. Qe5 Rb5 28. Qc3 Qf4 29. Nxh5+
1-0

[Event "FH 3"]
[Site "SchemingMind.com"]
[Date "2022.05.01"]
[Round "-"]
[White "Black Knight"]
[Black "kenneth m day"]
[Result "0-1"]
[WhiteCountry "USA"]
[BlackCountry "USA"]
[WhiteElo "1209"]
[WhiteRD "68"]
[BlackElo "1607"]
[BlackRD "57"]
[GameID "723157"]

1. e4 e5 2. Nf3 d5 3. Bb5+ Bd7 4. Bxd7+ Nxd7 5. c3 dxe4 6. Ng1 Ngf6 7. d3 Bc5 8. d4 exd4 9. cxd4 Bd6 10. Bg5 O-O
11. Nc3 Re8 12. Nge2 Be7 13. O-O h6 14. Bxf6 Nxf6 15. Ng3 Bd6 16. Re1 Bxg3 17. fxg3 c6 18. Re3 Qd7 19. Qd2 Rad8 20. Rae1 Qxd4
21. Qxd4 Rxd4 22. Ne2 Rd3 23. Nc1 Rd2 24. b4 Nd5 25. Nb3 Rxa2 26. Rxe4 Rxe4 27. Rxe4 Rb2 28. Re8+ Kh7 29. Nd4 Rxb4 30. Nf5 a5
31. Rf8 Kg6 32. Nh4+ Kf6 33. Ra8 a4 34. Nf3 Nc3 35. Rd8 a3 36. Nd4 a2 37. Nc2 Rb1+ 38. Kf2 Nd5 39. Ra8 Nc3 40. Ke3 Nd5+
41. Kd3 Nb6 42. Rxa2 Nd5 43. Ra4 b5 44. Ra6 Ne7 45. Kd4 Rb2 46. Na3 Rxg2 47. Nxb5 Kg5 48. Nd6 Kg6 49. Ne4 Rxh2 50. Nd6 f5
51. Ke5 Re2+ 52. Kf4 Nd5+ 53. Kf3 Rc2 54. g4 Rc3+ 55. Kg2 fxg4 56. Ne4 Rc2+ 57. Kg3 h5 58. Nd6 Rc3+ 59. Kg2 h4 60. Ne4 Rc2+
61. Kf1 g3 62. Kg1 Kf5 63. Nd6+ Kf4 64. Ra4+ Kf3 65. Rxh4 Rc1#
0-1

[Event "FH 3"]
[Site "SchemingMind.com"]
[Date "2022.05.01"]
[Round "-"]
[White "Arthur Wilding"]
[Black "kenneth m day"]
[Result "0-1"]
[WhiteCountry "WLS"]
[BlackCountry "USA"]
[WhiteElo "1174"]
[WhiteRD "68"]
[BlackElo "1607"]
[BlackRD "56"]
[GameID "723158"]

1. d4 Nf6 2. e3 g6 3. Nc3 Bg7 4. Nf3 O-O 5. Be2 d6 6. b3 Nbd7 7. Bb2 b6 8. Bb5 Bb7 9. O-O a6 10. a4 axb5
11. Re1 bxa4 12. Rxa4 Rxa4 13. Nd2 Ra8 14. Nf3 c5 15. dxc5 dxc5 16. Qd2 e5
0-1

[Event "FH 3"]
[Site "SchemingMind.com"]
[Date "2022.05.01"]
[Round "-"]
[White "Chessibelle"]
[Black "kenneth m day"]
[Result "0-1"]
[WhiteCountry "ENG"]
[BlackCountry "USA"]
[WhiteElo "1042"]
[WhiteRD "69"]
[BlackElo "1607"]
[BlackRD "57"]
[GameID "723159"]

1. Nf3 Nf6 2. d4 g6 3. e3 Bg7 4. g3 d6 5. Be2 Bf5 6. O-O Nc6 7. Nc3 Bh3 8. Re1 Qd7 9. Qd3 O-O-O 10. Ng5 Be6
11. a3 Rdf8 12. f4 h6 13. Nf3 g5 14. Ne4 gxf4 15. exf4 Bh3 16. Nf2 Bf5 17. Qb3 Be6 18. Bc4 Bxc4 19. Qxc4 e6 20. Be3 Ng4
21. Nxg4 h5 22. Nf2 Bf6 23. c3 Rfg8 24. h4 Rxg3+ 25. Kf1 Rxf3 26. b4 Bxh4 27. Ke2 Rg8 28. Rh1 Qe7 29. Kxf3 Rg3+ 30. Ke2 Qf6
31. Kd2 Rg2 32. Raf1 d5 33. Qc5 Bg3 34. Qf8+ Kd7 35. Rxh5 Ne7 36. Qa8 Bxf2 37. Bxf2 Qxf4+ 38. Ke1 Qc1+ 39. Ke2 Qb2+ 40. Kf3 Rg8
41. Qxb7 Qxc3+ 42. Kf4 Qd2+ 43. Be3 Qe2 44. Rf3 Qg2 45. Ke5 Qxf3 46. Qb5+ Kc8 47. Qa6+ Kd8 48. Bc1 Qxh5+ 49. Kf4 Rg4+ 50. Ke3 Qh3+
51. Kd2 Rg2+
0-1

[Event "FH 3"]
[Site "SchemingMind.com"]
[Date "2022.05.02"]
[Round "-"]
[White "kenneth m day"]
[Black "JAHI"]
[Result "0-1"]
[WhiteCountry "USA"]
[BlackCountry "INT"]
[WhiteElo "1628"]
[WhiteRD "59"]
[BlackElo "2171"]
[BlackRD "69"]
[GameID "723160"]

1. e4 a6 2. Nf3 g6 3. c3 Bg7 4. d4 Kf8 5. Bf4 d6 6. Nbd2 Bg4 7. Be2 Bxf3 8. Nxf3 h6 9. Qb3 Qc8 10. O-O-O e6
11. Rhe1 Ne7 12. h3 Nd7 13. Bc4 Kg8 14. g4 Nf8 15. h4 h5 16. gxh5 Rxh5 17. Rh1 d5 18. exd5 exd5 19. Be2 b6 20. Ng5 Rh8
21. Rdg1 Qd7 22. Bg4 Qc6 23. h5 Bxd4 24. Qc2 Bg7 25. hxg6 Nfxg6 26. Be3 Rxh1 27. Rxh1 Qc4 28. Bf3 Qxa2 29. Qd2 Ne5 30. Bg2 Nc4
31. Qc2 Qa1+ 32. Qb1 Qxb1+ 33. Kxb1 a5 34. Bf4 a4 35. Bxc7 a3 36. bxa3 Nxa3+ 37. Kb2 Nc4+ 38. Kc2 Ra2+ 39. Kb3 Rb2+ 40. Ka4 b5#
0-1